000 00308nam a22001337a 4500
008 170401b xxu||||| |||| 00| 0 eng d
020 _a9780721662909
041 _aeng
080 _23RD
_a617
100 _a8
101 _aSHM
245 _aORTHOPEDIC PHYSICAL ASSESSMENT
_cMAGEE, D.J
942 _2udc
_cBK
999 _c9385
_d9385